[Event "Ozieri op 13th"]
[Site "Ozieri"]
[Date "2014.07.31"]
[Round "1"]
[White "Carucci, Bruno"]
[Black "Sanna, Raul"]
[Result "1-0"]
[WhiteElo "1463"]
[BlackElo "1407"]
[PlyCount "55"]
[EventDate "2014.07.31"]
[EventType "swiss"]
[EventRounds "7"]
[EventCountry "ITA"]
[SourceTitle "EXT 2016"]
[Source "ChessBase"]
[SourceDate "2015.10.08"]
[SourceVersion "1"]
[SourceVersionDate "2015.10.08"]
[SourceQuality "1"]

1. d4 d5 2. c4 e6 3. Nf3 Nf6 4. Nc3 c6 5. Bg5 Be7 6. e3 0-0 7. Bd3 Nbd7 8. 0-0 Bd6 9. Rc1 Qe7 10. cxd5 exd5 11. Re1 Qd8 12. e4 dxe4 13. Nxe4 Be7 14. Ne5 Nxe5 15. Nxf6+ Bxf6 16. Bxf6 Qxf6 17. dxe5 Qg5 18. Re3 Bg4 19. Qc2 h6 20. Rg3 Qf4 21. Re1 Qb4 22. Re4 Qa5 23. Rexg4 Qe1+ 24. Bf1 g6 25. Qe4 Qc1 26. Rxg6+ Kh7 27. Rg7+ Kh8 28. Qh7# 1-0

[Event "Sinnai Cup 15th"]
[Site "Sinnai"]
[Date "2012.11.25"]
[Round "6"]
[White "Carucci, Bruno"]
[Black "Pannella, Maria Cristina"]
[Result "1-0"]
[WhiteElo "1520"]
[BlackElo "1449"]
[PlyCount "120"]
[EventDate "2012.11.17"]
[EventType "swiss"]
[EventRounds "6"]
[EventCountry "ITA"]
[SourceTitle "EXT 2024"]
[Source "ChessBase"]
[SourceDate "2023.10.10"]
[SourceVersion "1"]
[SourceVersionDate "2023.10.10"]
[SourceQuality "1"]

1. d4 e6 2. e4 d5 3. exd5 exd5 4. Nf3 Nc6 5. Nc3 Nf6 6. Bf4 Bb4 7. a3 Ba5 8. Bd3 Bg4 9. 0-0 Nxd4 10. Re1+ Ne6 11. h3 Bh5 12. g4 Bg6 13. Bxg6 hxg6 14. Ng5 Qd7 15. Qe2 Bxc3 16. bxc3 Ne4 17. Nxe6 fxe6 18. c4 Nc5 19. cxd5 Qxd5 20. Rad1 Qc6 21. Kh2 0-0 22. Qe5 Rf7 23. Rd2 Raf8 24. Bg3 Rf6 25. f4 Nd7 26. Qd4 Rd8 27. h4 Rff8 28. Qe3 Nc5 29. Rd4 Rxd4 30. Qxd4 Nd7 31. Qd3 Kf7 32. Re4 Nf6 33. Rc4 Rd8 34. Rxc6 Rxd3 35. Rxc7+ Rd7 36. Rxd7+ Nxd7 37. Bf2 a6 38. Kg3 e5 39. Be3 Kf6 40. Kf3 Nf8 41. Ke4 exf4 42. Bd4+ Kf7 43. Kxf4 Ne6+ 44. Ke5 Nxd4 45. Kxd4 Kf6 46. Kd5 g5 47. h5 Kf7 48. Kd6 g6 49. hxg6+ Kxg6 50. Ke6 b5 51. c3 a5 52. Ke5 Kh6 53. Kf6 a4 54. Kf5 Kg7 55. Kxg5 Kf7 56. Kh6 Kg8 57. g5 Kh8 58. Kg6 Kg8 59. Kf6 Kf8 60. g6 Kg8 1-0